000 00655nam a22001817a 4500
003 UA-OsUOA
001 15177
007 ta
008 20031102b un ||||| |||| 00| 0 ukr d
100 _aФедорович А.
942 _cSA
040 _aUA-OsUOA
_cUA-OsUOA
_dUA-OsUOA
245 _aДух Індії витав над "Хіміком"
_b[Рівнен. громада "Свідомість Крішна" організувала фест. інд. культури у Рівному]
300 _aС.1
955 _a0
773 0 _w0
_tОго
_dРівне
_d2003
_g№134/11 серп./
650 7 _aКраєзнавча робота
_2UDC
999 _c301342
_d301342